00437 2200169 4500001002100000005001500021035002000036245005100056100001700107250001700124300003200141260003100173082001000204084001600214020002200230600001500252INLIS00000000000034120240603093623 a0010-06240000501 aMengembangbiakkan Burung Hantu /cOcten Suhadi0 aOcten Suhadi acetakan ke-1 aiv, 44 hlm :bilus ;c21 cm aJakarta :bJP Books,c2007 a636.6 a636.6 OCT m a978-979-121-122-1 4aPeternakan